[Event "Krynica op-A"]
[Site "Krynica"]
[Date "1998.??.??"]
[Round "?"]
[White "Brok, Jerzy"]
[Black "Jakubiec, Artur"]
[Result "0-1"]
[WhiteElo "2250"]
[BlackElo "2410"]
[PlyCount "128"]
[EventDate "1998.??.??"]
[EventType "swiss"]
[EventRounds "11"]
[EventCountry "POL"]
[SourceTitle "EXT 2002"]
[Source "ChessBase"]
[SourceDate "2001.11.25"]
[SourceVersion "1"]
[SourceVersionDate "2001.11.25"]
[SourceQuality "1"]

1. e4 c5 2. Nf3 d6 3. d4 Nf6 4. Nc3 cxd4 5. Nxd4 a6 6. Bc4 e6 7. Bb3 Nbd7 8. Bg5 Nc5 9. 0-0 Be7 10. Qf3 Qc7 11. Rfe1 h6 12. Bh4 0-0 13. Rad1 b5 14. a3 Nxb3 15. cxb3 Bb7 16. Qh3 Qc5 17. Re3 Rfe8 18. b4 Qh5 19. Rde1 g5 20. Bg3 Qxh3 21. gxh3 Rac8 22. f3 Nd7 23. Nb3 Nb6 24. Na5 Ba8 25. Rd1 d5 26. e5 Nc4 27. Nxc4 dxc4 28. Kf2 Red8 29. Ree1 Kg7 30. Ke2 Kg6 31. Bf2 Rd3 32. Rxd3 cxd3+ 33. Kxd3 Bxf3 34. Ne4 Rd8+ 35. Kc3 Bxe4 36. Rxe4 Rd5 37. Bd4 Bd8 38. Re2 Bc7 39. Re1 h5 40. Re2 g4 41. hxg4 hxg4 42. b3 Bd8 43. Rg2 Kh5 44. a4 Bh4 45. Re2 Kg6 46. Kd3 f6 47. a5 fxe5 48. Rxe5 Rxe5 49. Bxe5 Kf5 50. Bd6 Bf6 51. Bc5 Be5 52. Bg1 Kf4 53. Ke2 Ke4 54. Kd2 Bd4 55. Bxd4 Kxd4 56. Ke2 e5 57. Kd2 e4 58. Ke2 e3 59. Ke1 Ke4 60. Ke2 Kf4 61. Ke1 Kf3 62. Kf1 e2+ 63. Ke1 Kg2 64. Kxe2 Kxh2 0-1

[Event "Krynica op-A"]
[Site "Krynica"]
[Date "1998.??.??"]
[Round "?"]
[White "Brok, Jerzy"]
[Black "Lagowski, Patryk"]
[Result "1/2-1/2"]
[WhiteElo "2250"]
[BlackElo "2020"]
[PlyCount "127"]
[EventDate "1998.??.??"]
[EventType "swiss"]
[EventRounds "11"]
[EventCountry "POL"]
[SourceTitle "EXT 2002"]
[Source "ChessBase"]
[SourceDate "2001.11.25"]
[SourceVersion "1"]
[SourceVersionDate "2001.11.25"]
[SourceQuality "1"]

1. e4 c6 2. d4 d5 3. exd5 cxd5 4. Bd3 Nc6 5. Nf3 Bg4 6. c3 Qc7 7. 0-0 Nf6 8. Be3 e6 9. Nbd2 Bd6 10. h3 Bh5 11. Re1 a6 12. b3 Bg6 13. Qe2 Bxd3 14. Qxd3 0-0 15. c4 b6 16. Bg5 Nh5 17. Rac1 Ba3 18. Rcd1 h6 19. Nb1 Bb4 20. Bd2 Nf6 21. Bxb4 Nxb4 22. Qd2 Qd6 23. Nc3 Rfc8 24. Ne5 Nc6 25. Qf4 Na5 26. Re3 Ra7 27. cxd5 exd5 28. Rg3 Ne8 29. Qg4 Rac7 30. Ne2 Nc6 31. Nxc6 Rxc6 32. Nf4 g6 33. Nd3 Nf6 34. Qh4 Ne4 35. Rf3 Ng5 36. Re3 Kg7 37. Rde1 Rc3 38. Qg4 R8c7 39. h4 Ne4 40. f3 h5 41. Qf4 Qxf4 42. Nxf4 Rxe3 43. Rxe3 Nf6 44. Kf2 Rc2+ 45. Re2 Rxe2+ 46. Kxe2 Kh6 47. Nd3 Ne8 48. g4 hxg4 49. fxg4 f6 50. a4 Nc7 51. Ke3 g5 52. h5 a5 53. b4 axb4 54. Nxb4 f5 55. gxf5 Kxh5 56. Nd3 Ne8 57. Ne5 Nf6 58. Nf7 Kh4 59. Kf2 Kg4 60. Nd6 Kf4 61. Nc8 Ke4 62. Nxb6 Kxd4 63. a5 Kc5 64. Ke3 1/2-1/2

[Event "Jantar Baltyku op-A"]
[Site "Poland"]
[Date "1998.??.??"]
[Round "?"]
[White "Castaneda, Georgui"]
[Black "Brok, Jerzy"]
[Result "1-0"]
[WhiteElo "2395"]
[BlackElo "2250"]
[PlyCount "83"]
[EventDate "1998.??.??"]
[EventType "swiss"]
[EventRounds "7"]
[EventCountry "POL"]
[SourceTitle "EXT 2003"]
[Source "ChessBase"]
[SourceDate "2002.11.25"]
[SourceVersion "1"]
[SourceVersionDate "2002.11.25"]
[SourceQuality "1"]

1. d4 d5 2. Nf3 Nf6 3. c4 c6 4. Nc3 dxc4 5. a4 Na6 6. e4 Bg4 7. Bxc4 Bxf3 8. gxf3 e6 9. 0-0 Be7 10. Kh1 Qa5 11. Rg1 Nh5 12. Be3 Nb4 13. f4 g6 14. Rc1 0-0-0 15. Qf3 Kb8 16. Rgd1 Nf6 17. Qg3 Nh5 18. Qg2 Bd6 19. Qf3 Qc7 20. e5 Be7 21. d5 exd5 22. Bxd5 cxd5 23. Nxd5 Qa5 24. Nxe7 Rhe8 25. Rxd8+ Rxd8 26. Qg4 Nc6 27. Rxc6 Qe1+ 28. Kg2 bxc6 29. Nxc6+ Kc7 30. Nxd8 Kxd8 31. f5 Qa5 32. Qd4+ Ke8 33. f6 Qc7 34. Qd5 Qc8 35. Qb5+ Kd8 36. h3 Qa8+ 37. Kh2 g5 38. Qc5 Qe4 39. Qf8+ Kd7 40. Qxf7+ Kc6 41. Qxh5 Qxe5+ 42. Kg2 1-0

[Event "Krynica op-A"]
[Site "Krynica"]
[Date "1998.??.??"]
[Round "?"]
[White "Grabuzova, Tatiana"]
[Black "Brok, Jerzy"]
[Result "1-0"]
[WhiteElo "2340"]
[BlackElo "2250"]
[PlyCount "53"]
[EventDate "1998.??.??"]
[EventType "swiss"]
[EventRounds "11"]
[EventCountry "POL"]
[SourceTitle "EXT 2002"]
[Source "ChessBase"]
[SourceDate "2001.11.25"]
[SourceVersion "1"]
[SourceVersionDate "2001.11.25"]
[SourceQuality "1"]

1. d4 Nf6 2. c4 g6 3. Nc3 Bg7 4. e4 d6 5. h3 Nbd7 6. Bg5 h6 7. Be3 e5 8. d5 Nc5 9. Qc2 a5 10. 0-0-0 Bd7 11. g4 Qb8 12. f4 exf4 13. Bxc5 dxc5 14. e5 Nh7 15. e6 Bc8 16. Bd3 f5 17. Bxf5 Nf6 18. Bxg6+ Ke7 19. Nf3 Ne8 20. Bxe8 Rxe8 21. Qh7 Kf8 22. Qf5+ Kg8 23. Qf7+ Kh7 24. Qxe8 b5 25. g5 h5 26. g6+ Kh6 27. Qe7 1-0

[Event "Krynica op-A"]
[Site "Krynica"]
[Date "1998.??.??"]
[Round "?"]
[White "Walach, Marcin"]
[Black "Brok, Jerzy"]
[Result "1/2-1/2"]
[WhiteElo "2285"]
[BlackElo "2250"]
[PlyCount "21"]
[EventDate "1998.??.??"]
[EventType "swiss"]
[EventRounds "11"]
[EventCountry "POL"]
[SourceTitle "EXT 2002"]
[Source "ChessBase"]
[SourceDate "2001.11.25"]
[SourceVersion "1"]
[SourceVersionDate "2001.11.25"]
[SourceQuality "1"]

1. c4 Nf6 2. Nc3 g6 3. e4 d6 4. d4 Bg7 5. Nf3 0-0 6. Be2 e5 7. dxe5 dxe5 8. Qxd8 Rxd8 9. Bg5 Re8 10. Nd5 Nxd5 11. cxd5 1/2-1/2

[Event "Jaroslawiec op"]
[Site "Jaroslawiec"]
[Date "1997.??.??"]
[Round "?"]
[White "Grabarczyk, Miroslaw"]
[Black "Brok, Jerzy"]
[Result "1-0"]
[WhiteElo "2480"]
[BlackElo "2200"]
[PlyCount "81"]
[EventDate "1997.??.??"]
[EventType "swiss"]
[EventRounds "9"]
[EventCountry "POL"]
[SourceTitle "EXT 2003"]
[Source "ChessBase"]
[SourceDate "2002.11.25"]
[SourceVersion "1"]
[SourceVersionDate "2002.11.25"]
[SourceQuality "1"]

1. e4 c5 2. Nf3 d6 3. d4 cxd4 4. Nxd4 Nf6 5. Nc3 e6 6. Be3 Nc6 7. f3 Be7 8. Qd2 a6 9. g4 Nd7 10. 0-0-0 Qc7 11. h4 Nce5 12. g5 b5 13. f4 Nc4 14. Bxc4 Qxc4 15. Qd3 Qxd3 16. cxd3 Bb7 17. Kd2 Nc5 18. b4 Na4 19. Nxa4 bxa4 20. a3 Kd7 21. Rb1 Rhc8 22. Rhf1 Rc7 23. Ne2 Bc6 24. Bd4 Bf8 25. e5 g6 26. exd6 Bxd6 27. Be5 Bd5 28. Nd4 Rb7 29. Bxd6 Kxd6 30. Rbc1 a5 31. b5 f6 32. gxf6 Rf8 33. Ke3 Rxf6 34. Rc8 Re7 35. Rfc1 Ref7 36. Rd8+ Ke7 37. Rcc8 Rxf4 38. Rxd5 exd5 39. b6 Rxh4 40. Rc7+ Kf6 41. Rxf7+ 1-0